Reformpaedagogik : eine kritische Dogmengeschichte
Αποθηκεύτηκε σε:
| Κύριος συγγραφέας: | |
|---|---|
| Μορφή: | Βιβλίο |
| Γλώσσα: | German |
| Δημοσίευση: |
Weinheim ; Munchen :
Juventa,
1996
|
| Έκδοση: | 3., vollstanding bearbeitete und erweiterte Aufl. |
| Σειρά: | Grundlagentexte Padagogik
|
| Θέματα: | |
| Ετικέτες: |
Προσθήκη ετικέτας
Δεν υπάρχουν, Καταχωρήστε ετικέτα πρώτοι!
|
MARC
| LEADER | 00000nam a2200000 i 4500 | ||
|---|---|---|---|
| 001 | 1/9177 | ||
| 008 | 000801s1996 ger d | ||
| 020 | |a 3-7799-0350-4 | ||
| 035 | |l 10062956 | ||
| 040 | |a GR-MY-UA |b gre |e aacr | ||
| 041 | 0 | |a ger | |
| 082 | 0 | |a 370.1 | |
| 100 | 1 | |a Oelkers, Jurgen |d 1947- | |
| 245 | 1 | 0 | |a Reformpaedagogik : |b eine kritische Dogmengeschichte / |c Jurgen Oelkers |
| 250 | |a 3., vollstanding bearbeitete und erweiterte Aufl. | ||
| 260 | |a Weinheim ; Munchen : |b Juventa, |c 1996 | ||
| 300 | |a 384 p.; |c 23 cm | ||
| 490 | 1 | |a Grundlagentexte Padagogik | |
| 650 | 0 | 0 | |a Education |x Philosophy. |
| 650 | 0 | 0 | |a Education |z Germany |x History |y 20th century. |
| 650 | 0 | 0 | |a Educational change |z Germany |x History |y 20th century. |
| 650 | 0 | 0 | |a Education and state |z Germany. |
| 650 | 0 | 0 | |a Education |x History |y 20th century. |
| 830 | 0 | |a Grundlagentexte Padagogik | |
| 852 | |a INST |b RHODES |e 20000801 |h 370.1 OEL |p 005400014493 |q 005400014493 |t BK |y 0 | ||
| 901 | |a BIBL4-2000-2 | ||
| 909 | |a Ρ |b 065764 | ||
| 922 | |a 4ΕΛΗ |b 199905 |c ΚΠΣ/154 |d LEADER BOOKS | ||
| 970 | |z 2000/08/ΧΡΥΣΑΝΘΗ | ||